000 00713nam a22002057a 4500
999 _c15977
_d15977
003 AR-CdUCM
008 190430b ||||| |||| 00| 0 spa d
040 _aMUNICIPALIDAD PROVINCIAL DEL CUSCO
_cBIBLIOTECA MUNICIPAL DEL CUSCO
082 _a909.2 /
_bA85
100 _aAstolfi, Jose C.
_935238
245 _aSíntesis de historia media, moderna y contemporánea /
260 _aBuenos Aires :
_bEdit. Kapelusz & Cía,
_c1940.
300 _a408 paginas ;
_c20 cm.
505 _aContenido :Edad media --Edad moderna --Edad contemporánea /
650 _aHistoria moderna
_912930
650 _aHistoria medieval
_930030
650 _aHistoria moderna
_912930
942 _2ddc
_cLIBROS
945 _arjall
_d2019-04-30